<?xml version="1.0" encoding="UTF-8"?>
<record
    xmlns:xsi="http://www.w3.org/2001/XMLSchema-instance"
    xsi:schemaLocation="http://www.loc.gov/MARC21/slim http://www.loc.gov/standards/marcxml/schema/MARC21slim.xsd"
    xmlns="http://www.loc.gov/MARC21/slim">

  <leader>02566nam a22002657a 4500</leader>
  <controlfield tag="001">3577</controlfield>
  <controlfield tag="003">FISKH</controlfield>
  <controlfield tag="005">20240321115327.0</controlfield>
  <controlfield tag="008">240321b        cb ||||| |||| 00| 0 eng d</controlfield>
  <datafield tag="040" ind1=" " ind2=" ">
    <subfield code="a">FISKH</subfield>
    <subfield code="b">khr</subfield>
    <subfield code="c">FISKH</subfield>
    <subfield code="d">FISKH</subfield>
  </datafield>
  <datafield tag="050" ind1=" " ind2=" ">
    <subfield code="a">PZ7 </subfield>
  </datafield>
  <datafield tag="082" ind1=" " ind2=" ">
    <subfield code="a">641.3373</subfield>
  </datafield>
  <datafield tag="100" ind1=" " ind2=" ">
    <subfield code="a">S K, Dhamendra </subfield>
  </datafield>
  <datafield tag="245" ind1=" " ind2=" ">
    <subfield code="a">&#x1787;&#x17C6;&#x1793;&#x17BD;&#x1794;&#x200B;&#x178F;&#x17BB;&#x200B;&#x1780;&#x17B6;&#x200B;&#x17A0;&#x17D2;&#x179C;&#x17C1;&#x200B;&#x179A;&#x179C;&#x17B6;&#x1784; &#x178A;&#x17BB;&#x200B;&#x1780;&#x200B;&#x1791;&#x17D0;&#x200B;&#x179A; &#x1798;&#x17C9;&#x17C1;&#x200B;&#x1784;&#x200B;&#x179B;&#x17B8; &#x1793;&#x17B7;&#x1784;&#x200B;&#x1781;&#x17D2;&#x1789;&#x17BB;&#x17C6; /</subfield>
    <subfield code="c">Dhamendra S K &amp; Oknha Dr. Mengly Jandy Quach </subfield>
  </datafield>
  <datafield tag="246" ind1=" " ind2=" ">
    <subfield code="a">Dr. Mengly, Coffee and Me Healthy Conversations </subfield>
  </datafield>
  <datafield tag="260" ind1=" " ind2=" ">
    <subfield code="a">Phnom Penh :  </subfield>
    <subfield code="b">MENGLY J. QUACH University Press, </subfield>
    <subfield code="c">2016. </subfield>
  </datafield>
  <datafield tag="300" ind1=" " ind2=" ">
    <subfield code="a">118 unnumbered pages : </subfield>
    <subfield code="c">22 cm </subfield>
  </datafield>
  <datafield tag="520" ind1=" " ind2=" ">
    <subfield code="a">"&#x1787;&#x17C6;&#x1793;&#x17BD;&#x1794;&#x178F;&#x17BB;&#x1780;&#x17B6;&#x17A0;&#x17D2;&#x179C;&#x17C1;&#x179A;&#x179C;&#x17B6;&#x1784; &#x178A;&#x17BB;&#x1780;&#x1791;&#x17D0;&#x179A; &#x1798;&#x17C9;&#x17C1;&#x1784;&#x179B;&#x17B8; &#x1793;&#x17B7;&#x1784;&#x1781;&#x17D2;&#x1789;&#x17BB;&#x17C6;"&#x1782;&#x17BA;&#x1787;&#x17B6;&#x1780;&#x17B6;&#x179A;&#x1785;&#x1784;&#x1780;&#x17D2;&#x179A;&#x1784;&#x1793;&#x17BC;&#x179C;&#x1782;&#x17C6;&#x1793;&#x17B7;&#x178F;&#x179C;&#x17B7;&#x1787;&#x17D2;&#x1787;&#x1798;&#x17B6;&#x1793;&#x178A;&#x17C2;&#x179B;&#x1785;&#x17C1;&#x1789;&#x1798;&#x1780;&#x1796;&#x17B8;&#x179B;&#x1791;&#x17D2;&#x1792;&#x1795;&#x179B;&#x1793;&#x17C3;&#x1780;&#x17B6;&#x179A;&#x179F;&#x1793;&#x17D2;&#x1791;&#x1793;&#x17B6;&#x1794;&#x17BE;&#x1780;&#x1785;&#x17C6;&#x17A0;&#x1787;&#x17B6;&#x1794;&#x1793;&#x17D2;&#x178F;&#x1794;&#x1793;&#x17D2;&#x1791;&#x17B6;&#x1794;&#x17CB;&#x178A;&#x17C2;&#x179B;&#x1792;&#x17D2;&#x179C;&#x17BE;&#x17A1;&#x17BE;&#x1784;&#x179A;&#x179C;&#x17B6;&#x1784;&#x1782;&#x17D2;&#x179A;&#x17BC;&#x1794;&#x1784;&#x17D2;&#x179A;&#x17C0;&#x1793;&#x1793;&#x17B7;&#x1784;&#x179F;&#x17B7;&#x179F;&#x17D2;&#x179F;&#x1793;&#x17B7;&#x1784;&#x1785;&#x17B6;&#x179F;&#x17CB;&#x1791;&#x17BB;&#x17C6;&#x1793;&#x17B7;&#x1784;&#x179C;&#x17D0;&#x1799;&#x1780;&#x17D2;&#x1798;&#x17C1;&#x1784;&#x179F;&#x17A0;&#x1782;&#x17D2;&#x179A;&#x17B7;&#x1793;&#x1793;&#x17B7;&#x1784;&#x17A2;&#x17D2;&#x1793;&#x1780;&#x178A;&#x17C2;&#x179B;&#x1785;&#x17BC;&#x179B;&#x1785;&#x17B7;&#x178F;&#x17D2;&#x178F; &#x1793;&#x17B7;&#x1784;&#x179A;&#x179C;&#x17B6;&#x1784;&#x1798;&#x17B7;&#x178F;&#x17D2;&#x178F;&#x179B;&#x17D2;&#x17A2;&#x1796;&#x17B8;&#x179A;&#x1793;&#x17B6;&#x1780;&#x17CB;&#x17D4; &#x179F;&#x1798;&#x17B6;&#x179F;&#x1797;&#x17B6;&#x1796;&#x1793;&#x17C3;&#x17A2;&#x178F;&#x17B8;&#x178F;&#x1780;&#x17B6;&#x179B;, &#x179F;&#x17CA;&#x17BB;&#x1798;&#x1794;&#x17D2;&#x179A;&#x17B6;&#x1780;&#x178A;&#x1793;&#x17B7;&#x1799;&#x1798;&#x1793;&#x17C3;&#x1794;&#x1785;&#x17D2;&#x1785;&#x17BB;&#x1794;&#x17D2;&#x1794;&#x1793;&#x17D2;&#x1793;&#x1793;&#x17B7;&#x1784;&#x1787;&#x17BF;&#x179C;&#x17B7;&#x1792;&#x17B8;&#x1786;&#x17D2;&#x1796;&#x17C4;&#x17C7;&#x1791;&#x17C5;&#x179A;&#x1780;&#x17A2;&#x1793;&#x17B6;&#x1782;&#x178F;&#x179B;&#x17D2;&#x17A2;&#x1794;&#x17D2;&#x179A;&#x179F;&#x17BE;&#x179A;&#x1787;&#x17B6;&#x1784;&#x1798;&#x17BB;&#x1793;&#x178F;&#x17D2;&#x179A;&#x17BC;&#x179C;&#x1794;&#x17B6;&#x1793;&#x179A;&#x1780;&#x1783;&#x17BE;&#x1789;&#x1793;&#x17C5;&#x1780;&#x17D2;&#x1793;&#x17BB;&#x1784;&#x179F;&#x17C0;&#x179C;&#x1797;&#x17C5;&#x1793;&#x17C1;&#x17C7;&#x17D4; &#x179F;&#x17C0;&#x179C;&#x1797;&#x17C5;&#x1793;&#x17C1;&#x17C7;&#x1792;&#x17D2;&#x179C;&#x17BE;&#x17B1;&#x17D2;&#x1799;&#x1798;&#x17C1;&#x178A;&#x17B9;&#x1780;&#x1793;&#x17B6;&#x17C6;&#x1798;&#x17BE;&#x179B;&#x1791;&#x17C5;&#x1780;&#x17B6;&#x1793;&#x17CB;&#x178F;&#x17C2;&#x1784;&#x17B6;&#x1799;&#x179F;&#x17D2;&#x179A;&#x17BD;&#x179B;&#x1787;&#x17B6;&#x1784;&#x1796;&#x17C1;&#x179B;&#x178E;&#x17B6;&#x17D7;&#x1791;&#x17B6;&#x17C6;&#x1784;&#x17A2;&#x179F;&#x17CB;&#x17D4;" </subfield>
  </datafield>
  <datafield tag="520" ind1=" " ind2=" ">
    <subfield code="a">Dr. Mengly, Coffee and Me is Dharmen's compilation of positive thought which came out as a result of a series of open-minded conversations held between a teacher and a student, an elder and a younger, an entrepreneur and an enthusiast and between two good friends. Fractions of the past, realistic frame of the present and believable approaches towards a better future are found in this book.  This book makes a leader look more approachable than ever. 
</subfield>
  </datafield>
  <datafield tag="650" ind1=" " ind2=" ">
    <subfield code="a">&#x1787;&#x17C6;&#x1793;&#x17BD;&#x1794;&#x178F;&#x17BB;&#x200B;&#x1780;&#x17B6;&#x17A0;&#x17D2;&#x179C;&#x17C1; </subfield>
    <subfield code="x">&#x1796;&#x17B8;&#x1793;&#x17C1;&#x17C7;&#x200B;&#x1796;&#x17B8;&#x1793;&#x17C4;&#x17C7;&#x200B; </subfield>
  </datafield>
  <datafield tag="650" ind1=" " ind2=" ">
    <subfield code="a">Coffee talk </subfield>
    <subfield code="x">From this from that </subfield>
  </datafield>
  <datafield tag="700" ind1=" " ind2=" ">
    <subfield code="a">Mengly J. Quach </subfield>
  </datafield>
  <datafield tag="942" ind1=" " ind2=" ">
    <subfield code="2">ddc</subfield>
    <subfield code="c">KHB</subfield>
    <subfield code="n">0</subfield>
  </datafield>
  <datafield tag="999" ind1=" " ind2=" ">
    <subfield code="c">3577</subfield>
    <subfield code="d">3577</subfield>
  </datafield>
  <datafield tag="952" ind1=" " ind2=" ">
    <subfield code="0">0</subfield>
    <subfield code="1">0</subfield>
    <subfield code="2">ddc</subfield>
    <subfield code="4">0</subfield>
    <subfield code="7">0</subfield>
    <subfield code="8">Khmer-English Bilingual </subfield>
    <subfield code="a">001</subfield>
    <subfield code="b">001</subfield>
    <subfield code="c">OKHR</subfield>
    <subfield code="d">2024-03-21</subfield>
    <subfield code="l">0</subfield>
    <subfield code="o">DHA 641.3373 PZ7</subfield>
    <subfield code="p">2024-0380</subfield>
    <subfield code="r">2024-03-21 11:53:24</subfield>
    <subfield code="w">2024-03-21</subfield>
    <subfield code="y">KHB</subfield>
  </datafield>
</record>
